Southville International School and Colleges
Your cart is empty.
  • Cart
  • Lists
    Public lists Eva Luna New books Lux_list list_1
    Your lists Log in to create your own lists
  • Log in to your account
  • Your cookies
  • Search history
Southville International School and Colleges
  • Advanced search
  • Recent comments
  • Most popular
  • Libraries

Log in to your account

Log in with GOOGLE


If you do not have an external account, but do have a local account, you can still log in:

  1. Home
  2. MARC view: Introduction to information technology & computer fundamentals
Normal view MARC view ISBD view

Introduction to information technology & computer fundamentals (Record no. 365175)

[ view plain ]
MARC details
000 -LEADER
fixed length control field 00687nam a22002057a 4500
003 - CONTROL NUMBER IDENTIFIER
control field 0
005 - DATE AND TIME OF LATEST TRANSACTION
control field 20230818103656.0
008 - FIXED-LENGTH DATA ELEMENTS--GENERAL INFORMATION
fixed length control field 230818b xxu||||| |||| 00| 0 eng d
020 ## - INTERNATIONAL STANDARD BOOK NUMBER
International Standard Book Number 978-621-427-128-3
050 ## - LIBRARY OF CONGRESS CALL NUMBER
Classification number QA 76
Item number .B47 2023
100 ## - MAIN ENTRY--PERSONAL NAME
Personal name Besueña, Jerelyn S.
245 ## - TITLE STATEMENT
Title Introduction to information technology & computer fundamentals
Statement of responsibility, etc Jerelyn Besueña
250 ## - EDITION STATEMENT
Edition statement Second edition
260 ## - PUBLICATION, DISTRIBUTION, ETC. (IMPRINT)
Place of publication, distribution, etc Manila
Name of publisher, distributor, etc Unlimited Books Library Services & Publishing Inc.
Date of publication, distribution, etc c2023.
300 ## - PHYSICAL DESCRIPTION
Extent x, 204 pages :
Other physical details ill. ;
Dimensions 26 cm.
500 ## - GENERAL NOTE
General note Computers--study & teaching.
504 ## - BIBLIOGRAPHY, ETC. NOTE
Bibliography, etc Includes bibliographical references.
650 ## - SUBJECT ADDED ENTRY--TOPICAL TERM
Topical term or geographic name as entry element Computers--study & teaching.
942 ## - ADDED ENTRY ELEMENTS (KOHA)
Source of classification or shelving scheme Library of Congress Classification
Koha item type Books
Holdings
Withdrawn status Lost status Source of classification or shelving scheme Damaged status Home library Current library Shelving location Date acquired Source of acquisition Sub Shelving location Total Checkouts Total Renewals Full call number Barcode Date last seen Date checked out Price effective from Koha item type
    Library of Congress Classification   College Library College Library Filipiniana Section 08/18/2023 Library Fund   1 5 QA 76 .B47 2023 C22890 07/04/2024 02/13/2024 08/18/2023 Books

Introduction to information technology & computer fundamentals

APA

Besueña J. S., . (2023). Introduction to information technology & computer fundamentals. Manila: Unlimited Books Library Services & Publishing Inc.

Chicago

Besueña Jerelyn S, . 2023. Introduction to information technology & computer fundamentals. Manila: Unlimited Books Library Services & Publishing Inc.

Harvard

Besueña J. S., . (2023). Introduction to information technology & computer fundamentals. Manila: Unlimited Books Library Services & Publishing Inc.

MLA

Besueña Jerelyn S, . Introduction to information technology & computer fundamentals. Manila: Unlimited Books Library Services & Publishing Inc. 2023.

  • Place hold
  • Print
  • Cite
  • Add to your cart (remove)
  • Save record
    BIBTEX Dublin Core MARCXML MARC (non-Unicode/MARC-8) MARC (Unicode/UTF-8) MARC (Unicode/UTF-8, Standard) MODS (XML) RIS
  • More searches
    Search for this title in:
    Other Libraries (WorldCat) Other Databases (Google Scholar) Online Stores (Bookfinder.com) Open Library (openlibrary.org)

Exporting to Dublin Core...

SOUTHVILLE LIBRARY

Southville International School and Colleges Library

1281 Tropical Ave. Cor. Luxembourg St., BF Homes International, Las Pinas City

Tel. No. 8256374 / 252358 Loc. 117/146

Powered by Koha